Biometeorological survey /

Guardado en:
Otros Autores: Tromp, S. W. 1909-, Bouma, Janneke J.
Formato: Libro
Idioma:English
Publicado: London ; Philadelphia : Heyden, c1979-
Etiquetas: Agregar Etiqueta
Sin Etiquetas, Sea el primero en etiquetar este registro!
LEADER 01165cam a2200289 a 4500
001 EEA.libagro010679
005 20190515104712.0
008 811117m19799999enka#####b####001#0#eng##
010 |a  81156652  
020 |a 0855014636 (obra completa) 
020 |a 0855014644 (Part A) 
020 |a 0855014652 (Part B) 
040 |a DLC  |c DLC  |d DLC 
050 0 0 |a QH543  |b .B58 
082 0 0 |a 574.52 
082 0 0 |a 616.988 
082 0 0 |a 636.0896988 
245 0 0 |a Biometeorological survey /  |c editor-in-chief, S.W. Tromp, executive editor, Janneke J. Bouma. 
260 |a London ;  |a Philadelphia :  |b Heyden,  |c c1979- 
300 |a <v. 1; in 2 > :  |b il. ;  |c 24 cm. 
500 |a Series under the auspices of the Biometeorological Research Centre, Leiden, The Netherlands, in cooperation with 49 contributors. 
504 |a Incluye referencias bibliográficas e índices. 
505 0 |a v. 1. 1973-1978. pt. A. Human biometeorology. pt. B. Animal biometeorology. 
700 1 |a Tromp, S. W.  |q (Solco Walle),  |d 1909- 
700 1 |a Bouma, Janneke J. 
859 |a AR-BbBCA  |b BIB. AGRONOMIA  |h 574.52  |i T851  |p 1988/1061  |v 1A  |3 1A 
859 |a AR-BbBCA  |b BIB. AGRONOMIA  |h 574.52  |i T851  |p 1988/1062  |v 1B  |3 1B